Special Forces Logo Quiz! - Statistics

General Stats
  • This quiz has been taken 173 times
  • The average score is 4 of 8
Answer Stats
Picture Answer % Correct
SAS
91%
Delta Force
84%
Navy SEALS
84%
GIGN
65%
75th Ranger Regiment
29%
KSK
18%
2nd Commando Regiment
12%
Shayetet 13
6%
No matching quizzes found
Score Distribution
Percent of People with Each Score
Percentile by Number Answered
Your Score History
You have not taken this quiz